000 00514ntaaa2200181 4500
003 01
005 20251027202841.0
008 0714s1973 ag 01
040 _aAR-BaBN
_bspa
_cAR-BaBN
_eaacr
_dRIC
082 _a268.7000 B47
100 _aBiby, Mary Alice
_929113
245 _aSunday school programs for intermediates
250 _a1 ed.
260 _aNashville :
_bBroadman Press,
_cc1946
300 _a276 p
500 _aEjs. 2 y 3 (9676 y 10523) libros retirados definitivamente de biblioteca
942 _cBK
999 _c23877
_d23877